| 000 | 00486nam a2200181 a 4500 | ||
|---|---|---|---|
| 005 | 20140310183140.0 | ||
| 008 | 020819s19uu xx 00 eng d | ||
| 020 | _a9780471107590 | ||
| 050 |
_aHD 62.35 _b.V364 1997 |
||
| 100 | _aVaughan, Emmett J. | ||
| 245 |
_aRisk management / _cEmmett J. Vaughan. |
||
| 260 |
_aNew York : _bJohn Wiley & Sons, _c1997. |
||
| 300 |
_a812 p. : _c27 cm. |
||
| 521 | _aBSBA | ||
| 650 | _aRisk management. | ||
| 942 |
_cBK _2lcc _kFOR |
||
| 999 |
_c19369 _d19369 |
||